| 000 | 00593nam a2200241Ia 4500 | ||
|---|---|---|---|
| 003 | ARRUPE | ||
| 005 | 20140218143807.0 | ||
| 008 | 130307s9999 xx 000 0 und d | ||
| 040 | _cARRUPELIB | ||
| 050 | _aPR9371.9B4S6 | ||
| 100 |
_aBhÛly-QuÚnum, Olympe _98724 |
||
| 245 | _aSnares without end | ||
| 260 | _aEssex | ||
| 260 | _bLongman | ||
| 260 | _c1981 | ||
| 300 | _a206p. | ||
| 300 | _b18cm. | ||
| 650 |
_bCivilization _98725 |
||
| 650 |
_cProletariat _98726 |
||
| 650 |
_dEurope--Civilization _98727 |
||
| 700 |
_aBlair, Dorothy S. (tr.) _98728 |
||
| 942 |
_2lcc _cMONOGRAPH |
||
| 999 |
_c100166 _d100166 |
||